Historia de la pedagogía

Salvato in:
Dettagli Bibliografici
Autore principale: Weimer, Hermann (Autore)
Natura: Libro
Lingua:spagnolo
Pubblicazione: Ciudad de México UTEHA 1961
Serie:Manuales UTEHA, 89-89a. Sección 17 educación
Soggetti:
Tags: Aggiungi Tag
Nessun Tag, puoi essere il primo ad aggiungerne!!

MARC

LEADER 00000nam a2200000 a 4500
001 UCY7735
003 CL-VaPUC
008 950616e19610620MX |||||||||||||||||spa|d
082 0 4 |a 370.09  |b WEI  |2 21 
100 0 |a Weimer, Hermann  |e author  |9 338483 
245 1 0 |a Historia de la pedagogía 
300 |a 253 p 
942 |c BK 
945 |d 19950616 00:00:00  |a lriquelm 
260 |a Ciudad de México  |b UTEHA  |c 1961 
650 0 |a Filosofía de la educación   |9 258384 
650 0 |a Historia de la educación   |9 257642 
650 0 |a Psicología educacional   |9 307830 
583 |a last modification  |c 20160810 04:59:09  |k Rodrigo Vera 
490 0 |a Manuales UTEHA, 89-89a. Sección 17 educación 
999 |c 235056  |d 235054 
952 |0 0  |1 0  |4 0  |6 370_090000000000000_WEI_1961  |7 0  |8 P  |9 242190  |a BIBEDU  |b BIBEDU  |c BIBEDU_PB  |d 2019-11-18  |i 151833K  |o 370.09 WEI 1961  |p 151833K  |r 2024-01-25  |w 2019-11-18  |y BK  |k EDU 
952 |0 0  |1 0  |4 0  |6 370_090000000000000_WEI_1961  |7 0  |8 P  |9 242191  |a BIBEDU  |b BIBEDU  |c BIBEDU_PB  |d 2019-11-18  |i 1518348  |o 370.09 WEI 1961  |p 1518348  |r 2024-01-25  |w 2019-11-18  |y BK  |k EDU 
952 |0 0  |1 0  |4 0  |6 370_090000000000000_WEI_1961  |7 0  |8 P  |9 242192  |a BIBEDU  |b BIBEDU  |c BIBEDU_PB  |d 2019-11-18  |i 1606085  |o 370.09 WEI 1961  |p 1606085  |r 2024-01-25  |w 2019-11-18  |y BK  |k EDU 
952 |0 0  |1 0  |4 0  |6 370_090000000000000_WEI_1961  |7 0  |8 P  |9 242193  |a BIBEDU  |b BIBEDU  |c BIBEDU_PB  |d 2019-11-18  |i 4633296  |o 370.09 WEI 1961  |p 4633296  |r 2024-01-25  |w 2019-11-18  |y BK  |k EPE